01469 2200409 4500001002100000005001500021035002000036007000300056008004100059020002200100082001600122084001800138100003500156245022600191250003400417300004400451650004700495700002500542700003400567700002400601700004100625700002400666700003000690700003500720700002800755700002900783504003400812264003900846336002100885337003000906338002300936040002200959090002200981850001201003999002201015990002201037INLIS00000000089942320250915112418 a0010-0925000346ta250915s2025 yoia g ind d a978-623-8401-25-304223a373.126 a373.126 IND s0 aIndarti Puji AstutiePengarang10aSat set gercep TKA :bSMA IPA/IPS 2026/2027 /cIndarti Puji Astuti, Fitriyani, Dewi Paramita Sari, Purwanti, Ika Femilia Putriana Sari, Armawati, Eli Trisnowati, Agustina Dwi Rahayu, Tri Harjanto; penyunting, Muji Lestari aCetakan Pertama, Agustus 2025 aviii, 506 halaman :bilustrasi ;c26 cm 4aSekolah lanjutan atas--xSoal, ujian, dsb.0 aFitriyaniePengarang0 aDewi Paramita SariePengarang0 aPurwantiePengarang0 aIka Femilia Putriana SariePengarang0 aArmawatiePengarang0 aEli TrisnowatiePengarang0 aAgustina Dwi RahayuePengarang0 aTri HarjantoePengarang0 aMuji LestariePenyunting aBibliografi : halaman 499-50231aSleman :bPustaka Widyatama,c2025 2rdacontentateks 2rdamediaatanpa perantara 2rdacarrieravolume aYOPDYOGbinderda aCB-D.11 2025-2779 aYOPDYOG aCB-D.11/2025-2779 aCB-D.11/2025-2779